000 00609nab a2200205 4500
001 244442
003 OSt
005 20250815080117.0
007 tu
008 200917s2020|||||||
040 _aDE-2950
_cDE-2950
245 0 0 _aHistorische Protokolle jetzt online
_bStadtgeschichte. Aufzeichnungen der städtische Gremien ab 1946 können im Internet eingesehen werden/
_cred
264 _c2024
653 _aFrankfurt (Oder)
653 _aStadtarchiv
653 _aInternet
653 _aProtokolle
773 0 _g36. Jahrgang (2025) Nr. 181 vom 06.08.2025, S. 13
_tMärkische Oderzeitung
942 _2z
_cA
999 _c373946
_d373946